Is the answer 8? - sudden death - Statistics

General Stats
  • This quiz has been taken 26 times
  • The average score is 4 of 24
Answers on the Grid
Answers color-coded by a green-red scale on the quiz's grid according to % correct below.
World Cup finals featuring a German team
Planets in the solar system
The black ball in pool
Sides on a stop sign
Bits in a byte
October
Pints in a gallon
Players in an Australian rules football team
Men's shot put weight in pounds
Christopher Robin's animal friends
Claws on most birds
Studs on the commonest Lego piece
Age of the youngest person to climb Everest
Corners on a cuboid
Time zones in Russia
Countries that start with N
The only number with letters in alphabetical order
Maximum snake speed in mph
Average age at which children's teeth start falling out
"Thou shalt not steal" commandment
Tentacles (arms) on an octopus
Strings on a mandolin
Maximum megalodon length in meters
Brains in an octopus
Warsaw Pact countries
U.S. states that start with N
2 cubed
Barriers in the 110m hurdles
Balls in a Newton's cradle
Winners of the Cricket World Cup
Protons in an oxygen atom
Asian Commonwealth countries
Domes on the Taj Mahal
Legs on a tardigrade
Pawns which a queen is worth in chess
Eyes on a fly
Russian dolls in a standard set
Legs on a scorpion
Height of Earth's atmosphere in miles
Top 15 lakes by area which touch Canada
Infinity rotated a quarter turn
Points total that has been scored by a team in an NFL game
Premolar teeth in humans
Furlongs in a mile
Difference in ° between true and magnetic north, in Britain
Windows version that was skipped
Most goals scored by a player in an international match
States bordering Texas
 
Answer Stats
Answer % Correct
Planets in the solar system
69%
Sides on a stop sign
69%
The black ball in pool
69%
Bits in a byte
46%
Pints in a gallon
46%
2 cubed
23%
Corners on a cuboid
15%
Furlongs in a mile
15%
A record World Cup finals featuring a German team
15%
Winnie-the-Pooh, Piglet, Tigger, Eeyore, Kanga, Roo, Rabbit, Owl Christopher Robin's animal friends
8%
Claws on most birds
8%
Infinity rotated a quarter turn
8%
Legs on a scorpion
8%
Legs on a tardigrade
8%
New Mexico, Oklahoma, Arkansas, Louisiana, Chihuahua, Coahuila, Nuevo León, and Tamaulipas States bordering Texas
8%
Tentacles (arms) on an octopus
8%
"Thou shalt not steal" commandment
8%
U.S. states that start with N
8%
Asian Commonwealth countries
0%
Points total that has been scored by a team in an NFL game
0%
Premolar teeth in humans
0%
Protons in an oxygen atom
0%
Strings on a mandolin
0%
Albania · Bulgaria · Czechoslovakia · East Germany · Hungary · Poland · Romania · Soviet Union Warsaw Pact countries
0%
No matching quizzes found
Score Distribution
Percent of People with Each Score
Percentile by Number Answered
Your Score History
You have not taken this quiz